Các nhân tố tác động tới nhu cầu đào tạo nghề trên địa bàn tỉnh Bà Rịa - Vũng Tàu

Đã lưu trong:
Sonraí Bibleagrafaíochta
Príomhúdar: Dương, Quỳnh Nga
Údair Eile: Cao, Minh Trí
Formáid: Leabhar
Teanga:Undetermined
Ábhair:
Rochtain Ar Líne:http://lrc.tdmu.edu.vn/opac/search/detail.asp?aID=2&ID=35566
Clibeanna: Cuir Clib Leis
Gan Chlibeanna, Bí ar an gcéad duine leis an taifead seo a chlibeáil!
Thư viện lưu trữ: Trung tâm Học liệu Trường Đại học Thủ Dầu Một
LEADER 00751nam a2200157Ia 4500
001 TDMU_35566
008 210410s9999 xx 000 0 und d
082 |a 153.83 
100 |a Dương, Quỳnh Nga 
245 0 |a Các nhân tố tác động tới nhu cầu đào tạo nghề trên địa bàn tỉnh Bà Rịa - Vũng Tàu 
245 0 |c Dương Quỳnh Nga, Cao Minh Trí, Nguyễn Nữ Thanh Tuyền 
300 |a Tr.45-47 
650 |a Chính trị - Xã hội; Nhân tố tác động; Đào tạo nghề; Bà Rịa - Vũng Tàu 
700 |a Cao, Minh Trí 
856 |u http://lrc.tdmu.edu.vn/opac/search/detail.asp?aID=2&ID=35566 
980 |a Trung tâm Học liệu Trường Đại học Thủ Dầu Một